<?xml version="1.0" encoding="UTF-8"?>
<record
    xmlns:xsi="http://www.w3.org/2001/XMLSchema-instance"
    xsi:schemaLocation="http://www.loc.gov/MARC21/slim http://www.loc.gov/standards/marcxml/schema/MARC21slim.xsd"
    xmlns="http://www.loc.gov/MARC21/slim">

  <leader>02277cam a2200409 i 4500</leader>
  <controlfield tag="001">zz2004797633</controlfield>
  <controlfield tag="003">NUKAT</controlfield>
  <controlfield tag="005">20260427224624.0</controlfield>
  <controlfield tag="008">041224s1923    pl           |000 0 pol c</controlfield>
  <datafield tag="035" ind1=" " ind2=" ">
    <subfield code="a">(OCoLC)749457361</subfield>
  </datafield>
  <datafield tag="035" ind1=" " ind2=" ">
    <subfield code="a">(NUKAT)zz2004797633</subfield>
  </datafield>
  <datafield tag="040" ind1=" " ind2=" ">
    <subfield code="a">GD U/TZ</subfield>
    <subfield code="b">pol</subfield>
    <subfield code="e">rda</subfield>
    <subfield code="c">GD U/TZ</subfield>
    <subfield code="d">GD U/TZ</subfield>
    <subfield code="d">GD U/TZs</subfield>
    <subfield code="d">KR PAU/JK</subfield>
    <subfield code="d">WA U/JS</subfield>
    <subfield code="d">TOR U/kn</subfield>
    <subfield code="d">WA U/AWU</subfield>
    <subfield code="d">KR 048/RW</subfield>
  </datafield>
  <datafield tag="100" ind1="1" ind2=" ">
    <subfield code="a">Rafacz, J&#xF3;zef</subfield>
    <subfield code="d">(1890-1944).</subfield>
    <subfield code="e">Autor</subfield>
    <subfield code="9">40725</subfield>
  </datafield>
  <datafield tag="245" ind1="1" ind2="0">
    <subfield code="a">Zast&#x119;pcy stron w dawnym procesie polskim /</subfield>
    <subfield code="c">J&#xF3;zef Rafacz.</subfield>
  </datafield>
  <datafield tag="260" ind1=" " ind2=" ">
    <subfield code="a">Krak&#xF3;w :</subfield>
    <subfield code="b">Polska Akademja Umiej&#x119;tno&#x15B;ci ;</subfield>
    <subfield code="a">Warszawa [i pozosta&#x142;e] :</subfield>
    <subfield code="b">Sk&#x142;ad G&#x142;&#xF3;wny w Ksi&#x119;garniach Gebethnera i Wolffa,</subfield>
    <subfield code="c">1923</subfield>
    <subfield code="e">(Krak&#xF3;w :</subfield>
    <subfield code="f">Drukarnia Uniwersytetu Jagiello&#x144;skiego).</subfield>
  </datafield>
  <datafield tag="300" ind1=" " ind2=" ">
    <subfield code="a">91 stron ;</subfield>
    <subfield code="c">25 cm.</subfield>
  </datafield>
  <datafield tag="336" ind1=" " ind2=" ">
    <subfield code="a">Tekst</subfield>
    <subfield code="b">txt</subfield>
    <subfield code="2">rdacontent</subfield>
  </datafield>
  <datafield tag="337" ind1=" " ind2=" ">
    <subfield code="a">Bez urz&#x105;dzenia po&#x15B;rednicz&#x105;cego</subfield>
    <subfield code="b">n</subfield>
    <subfield code="2">rdamedia</subfield>
  </datafield>
  <datafield tag="338" ind1=" " ind2=" ">
    <subfield code="a">Wolumin</subfield>
    <subfield code="b">nc</subfield>
    <subfield code="2">rdacarrier</subfield>
  </datafield>
  <datafield tag="380" ind1=" " ind2=" ">
    <subfield code="a">Ksi&#x105;&#x17C;ki</subfield>
  </datafield>
  <datafield tag="490" ind1="1" ind2=" ">
    <subfield code="a">Rozprawy / Polska Akademja Umiej&#x119;tno&#x15B;ci. Wydzia&#x142; Historyczno-Filozoficzny ;</subfield>
    <subfield code="v">ser. 2, t. 38 [w&#x142;a&#x15B;ciwie 39] (og&#xF3;lnego zbioru t. 64), nr 8 [w&#x142;a&#x15B;ciwie 2]</subfield>
  </datafield>
  <datafield tag="500" ind1=" " ind2=" ">
    <subfield code="a">Widniej&#x105;ca na stronie tytu&#x142;owej jako numer rozprawy cyfra 8 jest b&#x142;&#x119;dna. W wydawniczym spisie tre&#x15B;ci za&#x142;&#x105;czonym wraz z  kart&#x105; tytu&#x142;ow&#x105; do  tomu 38 (w&#x142;a&#x15B;ciwie 39) = (og&#xF3;lnego zbioru t. 64) niniejsza rozprawa oznaczona zosta&#x142;a numerem 2 w&#x15B;r&#xF3;d 5 rozpraw tworz&#x105;cych ten tom.</subfield>
  </datafield>
  <datafield tag="530" ind1=" " ind2=" ">
    <subfield code="a">Dost&#x119;pny r&#xF3;wnie&#x17C; w formie elektronicznej.</subfield>
  </datafield>
  <datafield tag="650" ind1=" " ind2="7">
    <subfield code="a">Procesy s&#x105;dowe</subfield>
    <subfield code="2">DBN</subfield>
    <subfield code="9">40639</subfield>
  </datafield>
  <datafield tag="650" ind1=" " ind2="4">
    <subfield code="a">Post&#x119;powanie (prawo)</subfield>
    <subfield code="z">Polska</subfield>
    <subfield code="x">historia.</subfield>
    <subfield code="2">kaba</subfield>
    <subfield code="9">8145</subfield>
  </datafield>
  <datafield tag="650" ind1=" " ind2="7">
    <subfield code="a">Przedstawicielstwo (prawo)</subfield>
    <subfield code="z">Polska</subfield>
    <subfield code="x">historia.</subfield>
    <subfield code="2">kaba</subfield>
    <subfield code="9">40726</subfield>
  </datafield>
  <datafield tag="651" ind1=" " ind2="7">
    <subfield code="a">Polska</subfield>
    <subfield code="2">DBN</subfield>
    <subfield code="9">35076</subfield>
  </datafield>
  <datafield tag="658" ind1=" " ind2=" ">
    <subfield code="a">Prawo i wymiar sprawiedliwo&#x15B;ci</subfield>
  </datafield>
  <datafield tag="710" ind1="2" ind2=" ">
    <subfield code="a">Polska Akademia Umiej&#x119;tno&#x15B;ci (1919-1952).</subfield>
    <subfield code="e">Wydawca</subfield>
    <subfield code="4">pbl</subfield>
    <subfield code="9">1634</subfield>
  </datafield>
  <datafield tag="710" ind1="2" ind2=" ">
    <subfield code="a">Gebethner i Wolff.</subfield>
    <subfield code="e">Dystrybucja</subfield>
    <subfield code="4">dst</subfield>
    <subfield code="9">1246</subfield>
  </datafield>
  <datafield tag="710" ind1="2" ind2=" ">
    <subfield code="a">Drukarnia Uniwersytetu Jagiello&#x144;skiego.</subfield>
    <subfield code="e">Druk</subfield>
    <subfield code="4">prt</subfield>
    <subfield code="9">536</subfield>
  </datafield>
  <datafield tag="830" ind1=" " ind2="0">
    <subfield code="a">Rozprawy Polskiej Akademii Umiej&#x119;tno&#x15B;ci.</subfield>
    <subfield code="p">Wydzia&#x142; Historyczno-Filozoficzny</subfield>
    <subfield code="v">ser. 2, t. 39 = 64, nr 2</subfield>
    <subfield code="9">2632</subfield>
  </datafield>
  <datafield tag="856" ind1="4" ind2="1">
    <subfield code="u">http://kpbc.umk.pl/publication/71096</subfield>
  </datafield>
  <datafield tag="856" ind1="4" ind2="1">
    <subfield code="u">http://ebuw.uw.edu.pl/dlibra/publication/125765</subfield>
  </datafield>
  <datafield tag="856" ind1="4" ind2="8">
    <subfield code="3">Ok&#x142;adka</subfield>
    <subfield code="u">http://www.nukat.edu.pl/nukat/icov/TORU/zz2004797633.jpg</subfield>
  </datafield>
  <datafield tag="942" ind1=" " ind2=" ">
    <subfield code="2">ddc</subfield>
    <subfield code="c">BK_NM</subfield>
  </datafield>
  <datafield tag="999" ind1=" " ind2=" ">
    <subfield code="c">27824</subfield>
    <subfield code="d">27824</subfield>
  </datafield>
  <datafield tag="952" ind1=" " ind2=" ">
    <subfield code="0">0</subfield>
    <subfield code="1">0</subfield>
    <subfield code="2">ddc</subfield>
    <subfield code="4">0</subfield>
    <subfield code="7">0</subfield>
    <subfield code="8">PBKH</subfield>
    <subfield code="a">BIP</subfield>
    <subfield code="b">PBKH</subfield>
    <subfield code="d">2026-04-27</subfield>
    <subfield code="e">K-31/1966</subfield>
    <subfield code="f">K</subfield>
    <subfield code="i">16669</subfield>
    <subfield code="l">0</subfield>
    <subfield code="o">16669</subfield>
    <subfield code="p">IPWK22206</subfield>
    <subfield code="r">2026-04-27 22:47:02</subfield>
    <subfield code="w">2026-04-27</subfield>
    <subfield code="y">BK_NM</subfield>
  </datafield>
</record>
